000 01148 a2200241 4500
005 20260213160244.0
008 260213b |||||||| |||| 00| 0 eng d
020 _a9789355185006 (hbk)
037 _cTB
040 _aCRL
_cCRL
041 _2hin
_ahin
084 _a4:(P152) 152R3
100 _aमिश्र, कृष्णबिहारी
_9860749
245 _aहिन्दी पत्रकारिता:
_bजातीय चेतना और खड़ी बोली साहित्य की निर्माण - भूमि
250 _a8 संस्करण
260 _aनयी दिल्ली, भारत:
_bभारतीय ज्ञानपीठ,
_c2023.
300 _a560पृ.
365 _b800.00
_cINR
650 _aहिन्दी
_91115828
650 _aपत्रकारिता
_91115829
942 _cTB
_2CC
_n0
_e8 संस्करण
_h4:(P152) 152R3
999 _c1466715
_d1466715